000 00984cam a2200253 4500
001 agr68000214
003 DLC
005 20260227111030.0
008 691105s1968 dcua 000 0 eng c
010 _aagr68000214
040 _aU.S. Nat'l Agr. Libr.
_cDLC
_dDLC
070 0 _aA281.9 Ag83 no. 212
100 1 _aSkinner, Snider W.
_q(Snider William),
_d1916-
245 1 0 _aLiberia's agricultural economy in brief
_cby Snider W. Skinner.
260 _a[Washington]
_bEconomic Research Service, U.S. Dept. of Agriculture,
_c1968.
300 _a10 p.
_billus.
_c26 cm.
490 1 _a[United States. Dept. of Agriculture. Economic Research Service] ERS-foreign
_v212
500 _aCaption title.
650 0 _aAgriculture
_xEconomic aspects
_zLiberia.
650 0 _aAgriculture
_zLiberia.
650 3 _aAgriculture
_xEconomic aspects
_zLiberia.
651 3 _aLiberia
_xAgriculture.
810 1 0 _a[United States.
_bDepartment of Agriculture.
_bEconomic Research Service]
_tERS-foreign
_v212.
999 _c12518
_d12518